00729nam a2200217Ia 450000500170000000800410001702000180005804000190007604100120009508200150010724501090012226000300023130000120026165000160027365100470028970000270033685000100036394200070037399900170038095201140039720230215101346.0131103s9999 xx 000 0 und d a0-7475-1956-0 aLoreto College aEnglish a820.9bWYN 4aThe Renaissance b A guide to English Renaissance Literature : 1500-1660cEdited by Marion Wynne Davies aLondon bBloomsburyc1992 ax,127p  aRenaissance aEnglish literature - History and criticism aDavis Wynne Marion ed. aLCLIB cBK c20996d71475 00102ddc4070aMAINbMAINd2013-11-04l2o820.9 WYN 39174pB23035r2024-12-02s2024-11-25w2013-11-04yBKf